US TV Show Geography Quiz Stats

 Plays Quiz Updated Oct 14, 2014

Challenge
Share
Tweet
Score 0/24 Timer 06:00
2 Plays Today
% Correct
Seinfeld - New York, NY
98.1%
Cheers - Boston, MA
94.1%
ER - Chicago, IL
92.9%
C.S.I. - Las Vegas, NV
92.1%
Dexter - Miami, FL
89.9%
Frasier - Seattle, WA
89.1%
Scandal - Washington, D.C.
87.1%
Magnum, P.I. - Honolulu, HI
87%
Matlock - Atlanta, GA
86.5%
The Drew Carey Show - Cleveland, OH
85.3%
Medium - Phoenix, AZ
83.2%
Six Feet Under - Los Angeles, CA
82.1%
% Correct
Ironside - San Francisco, CA
81.5%
Grimm - Portland, OR
80.2%
The Mary Tyler Moore Show - Minneapolis, MN
80.2%
Reba - Houston, TX
78.6%
One Day At A Time - Indianapolis, IN
78.3%
Saving Grace - Oklahoma City, OK
77.3%
Breaking Bad - Albuquerque, NM
70.1%
Happy Days - Milwaukee, WI
68.3%
The Office - Scranton, PA
67.8%
Mork & Mindy - Boulder, CO
49.7%
I Dream Of Jeannie - Cocoa Beach, FL
35.3%
Glee - Lima, OH
23.6%

You're not logged in!

Compare scores with friends on all Sporcle quizzes.
OR
Log In

You Might Also Like...

Show Comments

Extras

Top Quizzes Today


Score Distribution

Your Account Isn't Verified!

In order to create a playlist on Sporcle, you need to verify the email address you used during registration. Go to your Sporcle Settings to finish the process.

Report this User

Report this user for behavior that violates our Community Guidelines.

Details: